[Event "AUS-ch Major"]
[Site "Sydney"]
[Date "2020.01.13"]
[Round "11"]
[White "Ahmer, Axel"]
[Black "Prasad, Lalit"]
[Result "0-1"]
[WhiteElo "1763"]
[BlackElo "1962"]
[PlyCount "112"]
[EventDate "2020.01.02"]
[EventType "swiss"]
[EventRounds "11"]
[EventCountry "AUS"]
[SourceTitle "CBM 195 Extra"]
[Source "ChessBase"]
[SourceDate "2020.05.31"]
[SourceVersion "1"]
[SourceVersionDate "2020.05.31"]
[SourceQuality "1"]

1. d4 d5 2. c4 e6 3. Nf3 Nf6 4. g3 Be7 5. Bg2 0-0 6. 0-0 dxc4 7. Qc2 a6 8. a4 Nbd7 9. Nbd2 c5 10. Nxc4 cxd4 11. Nxd4 Nb6 12. Nxb6 Qxb6 13. Be3 Qa5 14. Bf3 Nd5 15. Bd2 Qb6 16. e3 Rd8 17. a5 Qd6 18. Rfd1 Bd7 19. Qb3 Bf6 20. Be1 Rac8 21. e4 Qc5 22. Nxe6 Bxe6 23. exd5 Bf5 24. Qxb7 Bc2 25. Rdc1 Bg5 26. Qxa6 Bxc1 27. Rxc1 Bd3 28. Qxc8 Qxc8 29. Rxc8 Rxc8 30. Bc3 Kf8 31. Bg2 Ke7 32. f4 f6 33. Kf2 Rb8 34. Ke3 Ba6 35. Kd4 Kd6 36. Be4 Rb5 37. Bxh7 Rxd5+ 38. Ke3 Rh5 39. Bd3 Bxd3 40. Kxd3 Kc5 41. h4 Rd5+ 42. Ke3 Kc4 43. Kf3 Rd1 44. g4 Kd3 45. f5 Rf1+ 46. Kg2 Rf4 47. Kg3 Ke4 48. a6 Rf1 49. b4 Rf3+ 50. Kg2 Rxc3 51. b5 Kd5 52. b6 Kc6 53. b7 Kc7 54. g5 fxg5 55. hxg5 Rc5 56. f6 Rxg5+ 0-1

[Event "Begonia op 52nd"]
[Site "Ballarat"]
[Date "2018.03.10"]
[Round "2"]
[White "Wallis, Christopher"]
[Black "Ahmer, Axel"]
[Result "1-0"]
[WhiteElo "2318"]
[BlackElo "1725"]
[PlyCount "81"]
[EventDate "2018.03.10"]
[EventType "swiss"]
[EventRounds "7"]
[EventCountry "AUS"]
[SourceTitle "EXT 2019"]
[Source "ChessBase"]
[SourceDate "2018.10.10"]
[SourceVersion "1"]
[SourceVersionDate "2018.10.10"]
[SourceQuality "1"]

1. d4 Nf6 2. c4 d6 3. Nc3 e5 4. d5 Be7 5. e4 0-0 6. h3 Nfd7 7. Nf3 f5 8. exf5 Rxf5 9. Bd3 Rf7 10. Be3 Na6 11. Qb1 Nf8 12. b4 c6 13. a3 Nc7 14. Be4 cxd5 15. Nxd5 Nxd5 16. Bxd5 Be6 17. Qe4 Bxd5 18. Qxd5 Qd7 19. 0-0 Qe6 20. Qxb7 Rc8 21. Nd2 Bg5 22. Qd5 Bxe3 23. fxe3 Rxf1+ 24. Kxf1 Kf7 25. Qxe6+ Kxe6 26. Rc1 Nd7 27. Nb3 Nf6 28. Ke2 Ne4 29. Nd2 Ng3+ 30. Kf3 Nh5 31. g4 Rf8+ 32. Kg2 Nf6 33. g5 Nd7 34. Ne4 h6 35. gxh6 gxh6 36. Rd1 Rg8+ 37. Kf3 Rf8+ 38. Ke2 Nb6 39. Rxd6+ Ke7 40. c5 Nc4 41. Ra6 1-0

[Event "AUS-ch Major"]
[Site "Cammeray"]
[Date "2018.01.09"]
[Round "8"]
[White "Kiripitige, Chathula"]
[Black "Ahmer, Axel"]
[Result "0-1"]
[WhiteElo "1666"]
[BlackElo "1691"]
[PlyCount "138"]
[EventDate "2018.01.02"]
[EventType "swiss"]
[EventRounds "11"]
[EventCountry "AUS"]
[SourceTitle "CBM 182 Extra"]
[Source "ChessBase"]
[SourceDate "2018.02.23"]
[SourceVersion "1"]
[SourceVersionDate "2018.02.23"]
[SourceQuality "1"]

1. e4 c6 2. d4 Na6 3. Nc3 Nc7 4. Bf4 g6 5. Bc4 d6 6. Nf3 Be6 7. d5 cxd5 8. Bxd5 Bxd5 9. Nxd5 Bg7 10. 0-0 Ne6 11. Qd3 Nxf4 12. Qb5+ Qd7 13. Qxd7+ Kxd7 14. Nxf4 e6 15. Nd3 Rc8 16. c3 Ne7 17. Rfd1 h5 18. e5 d5 19. Ng5 Rhf8 20. Re1 Nf5 21. Rad1 Ke7 22. Nb4 Rfd8 23. Nf3 a5 24. Nc2 b5 25. Ncd4 Nxd4 26. Nxd4 b4 27. cxb4 axb4 28. Rc1 Kd7 29. f4 Bf8 30. b3 Bc5 31. Rcd1 Rb8 32. Kf1 Bxd4 33. Rxd4 Rdc8 34. Re2 Rc3 35. Red2 Kc6 36. Ke2 Kb5 37. R4d3 Rc1 38. Rd1 Rc7 39. Ke3 Ra8 40. R3d2 Rc3+ 41. Kd4 h4 42. Re2 Rac8 43. Red2 h3 44. g3 Rf3 45. Re1 Rcc3 46. Ree2 Ka5 47. Rf2 Rfe3 48. Rfe2 Rcd3+ 49. Kc5 Rxe2 50. Rxe2 Rc3+ 51. Kd6 Kb6 52. Rd2 Rc6+ 53. Kd7 Rc7+ 54. Kd6 Rc8 55. Kd7 Ra8 56. Rc2 d4 57. g4 Ra5 58. Kd6 Rd5+ 59. Ke7 d3 60. Rd2 Kc5 61. Kxf7 Kd4 62. Rxd3+ Kxd3 63. Kxe6 Ra5 64. f5 gxf5 65. Kxf5 Kd4 66. g5 Rxe5+ 67. Kg4 Re3 68. Kf4 Re2 69. Kg3 Rg2+ 0-1

[Event "AUS-ch Major"]
[Site "Cammeray"]
[Date "2018.01.04"]
[Round "4"]
[White "Sheldrick, Kevin"]
[Black "Ahmer, Axel"]
[Result "1-0"]
[WhiteElo "2119"]
[BlackElo "1691"]
[PlyCount "71"]
[EventDate "2018.01.02"]
[EventType "swiss"]
[EventRounds "11"]
[EventCountry "AUS"]
[SourceTitle "CBM 182 Extra"]
[Source "ChessBase"]
[SourceDate "2018.02.23"]
[SourceVersion "1"]
[SourceVersionDate "2018.02.23"]
[SourceQuality "1"]

1. e4 c6 2. Nc3 d5 3. Nf3 dxe4 4. Nxe4 Nf6 5. Nxf6+ exf6 6. d4 Bd6 7. Be2 Bf5 8. 0-0 0-0 9. Be3 Bc7 10. c4 Nd7 11. Nh4 Bg6 12. b4 f5 13. Nxg6 hxg6 14. g3 a5 15. a3 Kh7 16. Qb3 a4 17. Qd3 Rh8 18. Rad1 Kg8 19. Rfe1 Qf6 20. f4 Qd6 21. Bf3 Kh7 22. c5 Qf6 23. d5 g5 24. dxc6 Nf8 25. fxg5 Qg6 26. cxb7 Re8 27. b5 Ne6 28. b6 Be5 29. h4 Kg8 30. Kg2 f6 31. h5 Rxh5 32. Bxh5 Qxh5 33. Qxf5 fxg5 34. Bf2 g6 35. Qxe5 Nf4+ 36. gxf4 1-0